000 00724nam a2200205 a 4500
001 BRCA_3841
005 20190320204438.0
008 111209s1756----sp-a######---#000-0#spa-#
041 _aspa
044 _asp
050 4 _aF1230
_p.S65 1756
100 1 _aSolís y Rivadeneyra, Antonio de
_d1610-1686.
_910004
245 1 0 _aHistoria de la conquista de México, población y progresos de la América Septentrional conocida por el nombre de Nueva España...
_cAntonio de Solís y Rivadeneyra.
260 _aBarcelona, España
_bImprenta de Lucas de Bezares y Urrutia
_c1756
300 _a548 p.
_bil.
_c20 cm.
500 _aB186
651 4 _aMéxico
_vHistoria
_xConquista
_y1519-1540.
_910005
902 _aGFM
942 _2lcc
_cB
999 _c3569
_d3569